000 00215nam a22000857a 4500
008 161202b xxu||||| |||| 00| 0 eng d
100 _91767
_aDewan.v
245 _aMathematics-X CCE I
260 _aNEw Delhi
_bN.D P.P.C
_c2011
999 _c4475
_d4475